Home Print Resources E-Books E-Journals IIMT Lecture Series Library Membership Form Book Recommendation Form Campus Tour Take AdmissionAbout Us Contact Us

PHARMACOLOGY (Record no. 50532)

000 -LEADER
fixed length control field nam a22 7a 4500
003 - CONTROL NUMBER IDENTIFIER
control field OSt
005 - DATE AND TIME OF LATEST TRANSACTION
control field 20210312104655.0
008 - FIXED-LENGTH DATA ELEMENTS--GENERAL INFORMATION
fixed length control field 210312b xxu||||| |||| 00| 0 eng d
040 ## - CATALOGING SOURCE
Transcribing agency IIMT UNIVERSITY MEERUT
100 ## - MAIN ENTRY--PERSONAL NAME
Personal name HARVEY, R.A CHAMPE
245 ## - TITLE STATEMENT
Title PHARMACOLOGY
260 ## - PUBLICATION, DISTRIBUTION, ETC.
Name of publisher, distributor, etc. WOLTERS
Date of publication, distribution, etc. 2009
300 ## - PHYSICAL DESCRIPTION
Extent 564
942 ## - ADDED ENTRY ELEMENTS (KOHA)
Source of classification or shelving scheme
Koha item type Text-Book- for 7 days
Holdings
Withdrawn status Lost status Source of classification or shelving scheme Damaged status Not for loan Home library Current library Date acquired Cost, normal purchase price Total Checkouts Barcode Date last seen Price effective from Koha item type Date last checked out
          IIMT Ayurveda Medical College and Hospital(0669) IIMT Ayurveda Medical College and Hospital(0669) 03/12/2021 950.00   30-B-891 03/12/2021 03/12/2021 Text-Book- for 7 days  
          IIMT Ayurveda Medical College and Hospital(0669) IIMT Ayurveda Medical College and Hospital(0669) 03/12/2021 950.00 1 30-B-892 02/24/2022 03/12/2021 Text-Book- for 7 days 02/19/2022
          IIMT Ayurveda Medical College and Hospital(0669) IIMT Ayurveda Medical College and Hospital(0669) 03/12/2021 950.00   30-B-893 03/12/2021 03/12/2021 Text-Book- for 7 days  
          IIMT Ayurveda Medical College and Hospital(0669) IIMT Ayurveda Medical College and Hospital(0669) 03/12/2021 950.00   30-B-894 03/12/2021 03/12/2021 Text-Book- for 7 days  
          IIMT Ayurveda Medical College and Hospital(0669) IIMT Ayurveda Medical College and Hospital(0669) 03/12/2021 950.00   30-B-895 03/12/2021 03/12/2021 Text-Book- for 7 days  
IIMT, Central Library. All Rights Reserved IIMT,UNIVERSITY © 2023
Implemented and Customised by I CLOUDE EMS
You Are OPAC Visitor No
free web counter

Powered by Koha